000
00282nam a22001337a 4500
008
170421b xxu||||| |||| 00| 0 eng d
020
_a
9780697281821
041
_a
eng
080
_2
5TH
_a
573
100
_a
11
101
_a
SHM
245
_a
BIOLOGY
_c
MADER, S.S
942
_2
udc
_c
BK
999
_c
11413
_d
11413